|
|
|
|
| LEADER |
00000nab a2200000 a 4500 |
| 001 |
vtls000775319 |
| 003 |
SK-MaSNL |
| 005 |
20260304111232.0 |
| 008 |
250429c2001 xo 0 slo |
| 015 |
|
|
|a SNBRB2001/11-33401
|
| 035 |
|
|
|a CLN000127106
|
| 035 |
|
|
|a urn:nbn:sk:snk-ab35b4
|
| 035 |
|
|
|a (urnnbn)urn:nbn:sk:snk:ar-a0687z
|
| 035 |
|
|
|a (uuid)569ce789-d809-4a52-b332-07ed16edebc3
|
| 040 |
|
|
|a SNKBUCL
|b slo
|c SNKBUCL
|e AACR2
|
| 041 |
0 |
|
|a cze
|
| 044 |
|
|
|a xo
|c SK
|
| 080 |
|
|
|a 616.24
|2 1997
|
| 245 |
0 |
0 |
|a Sledování vývoje chronické obstrukční plicní nemoci u ambulantních pacientů
|c M. Marel ... [et al.]
|
| 300 |
|
|
|b Obr., tab.
|
| 504 |
|
|
|a Res. angl., čes.
|
| 504 |
|
|
|a Bibliogr. odkazy
|
| 650 |
0 |
7 |
|a pľúca
|x choroba obštrukčná chronická
|x liečba
|2 snkbucl
|9 842667
|
| 650 |
0 |
7 |
|a choroba obštrukčná chronická
|x pľúca
|x liečba
|2 snkbucl
|9 842668
|
| 655 |
|
7 |
|a články z novín a časopisov
|2 snkbucl
|9 267496
|
| 700 |
1 |
|
|a Marel, Miloslav,
|d 1953-
|4 aut
|9 12033
|
| 700 |
1 |
|
|a Reisová, M.
|4 aut
|9 1117953
|
| 700 |
1 |
|
|a Pekárek, Z.
|4 aut
|9 935633
|
| 700 |
1 |
|
|a Chlumský, J.
|4 aut
|9 514793
|
| 700 |
1 |
|
|a Fila, Libor,
|d 1968-
|4 aut
|9 432973
|
| 773 |
0 |
|
|t Studia pneumologica et phthiseologica
|g Roč. 61, č. 2 (2001), s. 80-87
|x 0371-2222
|
| 850 |
|
|
|a Slovenská národná knižnica
|
| 852 |
|
|
|a Slovenská národná knižnica
|
| 958 |
|
|
|a article27
|
| 958 |
|
|
|a MI
|
| 958 |
|
|
|a NB
|
| 958 |
|
|
|a OND
|
| 958 |
|
|
|a EUIPO
|
| 999 |
|
|
|c 2861999
|d 2863929
|